000 01507nam0a2200337 4500
001 RU\NLR\BIBL_A\022685320
005 20260209113737.0
010 _a978-5-88337-145-4
_9450
021 _aRU
_bКН-П-25-065072
_9КН-П-25-6305
035 _a(NLR Aleph) 022685320
090 _a13547825
_c13547825
100 _a20251211d2025 u y0rusy50 ca
101 0 _arus
102 _aRU
105 _aa j 000yy
181 0 _ai3
_baxxe
182 0 _an
200 1 _aРусский язык в текстах о филологии
_eпособие для иностранных учащихся
_eдля студентов-филологов I-II курсов
_fА. В. Величко, Л. П. Юдина
203 _aТекст
_bвизуальный
_cнепосредственный
205 _a5-е изд., стер.
210 _aМосква
_cРусский язык. Курсы
_d2025
215 _a254, [1] с.
_cил., табл.
_d24
300 _aНа 4-й с. обл. авт.: А. В. Величко, канд. филол. наук, доц., Л. П. Юдина, преподаватель
606 1 _aРусский язык
_jУчебные издания для иностранцев
_91533567
_3RU\NLR\AUTH\66969347
686 1 _aШ141.12-933.1
700 1 _aВеличко
_bА. В.
_gАлла Васильевна
701 1 _aЮдина
_bЛ. П.
_gЛия Павловна
942 _cBOOK
980 _aNB